000 00868nam a2200277Ia 4500
003 OSt
005 20220918170207.0
006 a|||||r|||| 00| 0
007 ta
008 220917b |||||||| |||| 00| 0 eng d
020 _a978 0 7546 2383 0 (hbk)
_c4380
024 _a243,737
037 _b77, 22/11/2010, Sunrise Books
_cTextual
040 _aARTS
_cARTS
_beng
041 _2eng
_aeng
082 _aY:45, P5
100 _aSrebnick Amy Gilman Ed.
_927538
245 0 _aCrime and culure
_b An historical perspective
260 _aHants
_bAshgate Publishing Limited England
_c2005
300 _axvii,225p.
_ccm.
490 _aAdvances in criminology
650 _aSOCIOLOGY
700 _a Levy Rene Ed.
_927539
942 _hY:45, P5
_cTEXL
_2CC
999 _c133006
_d133006